Online Catalogue and eLibrary

Women in panchayati raj structures / (Record no. 505)

MARC details
000 -LEADER
fixed length control field 00498cam a2200181 a 4500
001 - CONTROL NUMBER
control field 2466468
005 - DATE AND TIME OF LATEST TRANSACTION
control field 20240227055247.0
008 - FIXED-LENGTH DATA ELEMENTS--GENERAL INFORMATION
fixed length control field 900309s1989 ii b 001 0 eng
020 ## - INTERNATIONAL STANDARD BOOK NUMBER
ISBN 8121202868 :
040 ## - CATALOGING SOURCE (பட்டியலாக்க மூலம்)
Original cataloging agency DLC
Transcribing agency DLC
Modifying agency DLC
082 00 - DDC Classification
Class No. 323.334.
DDC Edition Number 20
Item Number - Author Mark MAN.
100 1# - MAIN ENTRY--PERSONAL NAME
Personal name Manikyamba, P.
245 10 - TITLE STATEMENT
Title Women in panchayati raj structures /
Statement of responsibility, etc. P. Manikyamba ; foreword by Vina Mazumdar.
260 ## - PUBLICATION, DISTRIBUTION, ETC.
Place of publication, distribution, etc. New Delhi :
Name of publisher, distributor, etc. Gian Pub. House,
Date of publication, distribution, etc. 1989.
300 ## - PHYSICAL DESCRIPTION
Extent (e.g. Volumes, Pages etc.) xii, 142 p. ;
650 #0 - SUBJECT ADDED ENTRY--TOPICAL TERM
Topical term or geographic name entry element Women
942 ## - Koha item type (Biblio)
Koha item type Books in Stacks (Lending)
Holdings
Lost status Damaged status Collection code Home library Current library Date acquired Full call number Accession Number Item type
    Lending WERC Library WERC Library 02/27/2024 323.334. MAN. 2299 Books in Stacks (Lending)

© WERC Library